Combien de ville de la Haute Marne (52) connais-tu ? - Statistiques

Statistiques générales
  • Ce quiz a été pris 25 fois
  • Le résultat moyen est 41 sur 426
Statistiques - réponses
Code postal Ville % Correct
52000 Chaumont
90%
52100 Saint-Dizier
90%
52200 Langres
71%
52300 Joinville
52%
52800 Nogent
52%
52130 Wassy
52%
52310 Bologne
48%
52400 Bourbonne-les-Bains
43%
52120 Châteauvillain
43%
52210 Arc-en-Barrois
38%
52600 Chalindrey
38%
52330 Colombey les Deux Églises
38%
52340 Biesles
33%
52800 Foulain
33%
52140 Is-en-Bassigny
33%
52000 Jonchery
33%
52000 Neuilly-sur-Suize
33%
52260 Rolampont
33%
52000 Brethenay
29%
52000 Chamarandes-Choignes
29%
52400 Coiffy-le-Bas
29%
52400 Coiffy-le-Haut
29%
52000 Condes
29%
52500 Fayl-Billot
29%
52320 Froncles
29%
52200 Humes-Jorquenay
29%
52150 Illoud
29%
52800 Marnay-sur-Marne
29%
52360 Neuilly-l'Évêque
29%
52120 Orges
29%
52200 Peigney
29%
52800 Poulangy
29%
52210 Saint-Loup-sur-Aujon
29%
52800 Sarcey
29%
52140 Val-de-Meuse
29%
52000 Villiers-le-Sec
29%
52320 Vouécourt
29%
52160 Auberive
24%
52330 Blaisy
24%
52130 Brousseval
24%
52150 Chaumont-la-Ville
24%
52600 Cohons
24%
52600 Culmont
24%
52270 Doulaincourt-Saucourt
24%
52000 Euffigneix
24%
52210 Giey-sur-Aujon
24%
52330 Juzennecourt
24%
52260 Marac
24%
52800 Ninville
24%
52200 Saint-Martin-lès-Langres
24%
52140 Sarrey
24%
52000 Semoutiers-Montsaon
24%
52310 Viéville
24%
52700 Andelot-Blancheville
19%
52120 Autreville-sur-la-Renne
19%
52700 Bourdons-sur-Rognon
19%
52200 Bourg
19%
52150 Bourmont-entre-Meuse-et-Mouzon
19%
52120 Braux-le-Châtel
19%
52240 Breuvannes-en-Bassigny
19%
52120 Bricon
19%
52200 Champigny-lès-Langres
19%
52360 Charmes
19%
52110 Charmes-en-l'Angle
19%
52170 Chevillon
19%
52110 Cirey-sur-Blaise
19%
52240 Clefmont
19%
52210 Dancevoir
19%
52300 Donjeux
19%
52110 Doulevant-le-Château
19%
52340 Esnouveaux
19%
52230 Germay
19%
52230 Germisay
19%
52330 Gillancourt
19%
52290 Humbécourt
19%
52120 Laferté-sur-Aube
19%
52800 Lanques-sur-Rognon
19%
52700 Liffol-le-Petit
19%
52250 Longeau-Percey
19%
52800 Mandres-la-Côte
19%
52700 Manois
19%
52370 Maranville
19%
52160 Perrogney-les-Fontaines
19%
52500 Pisseloup
19%
52230 Poissons
19%
52700 Prez-sous-Lafauche
19%
52220 Rives Dervoises
19%
52700 Saint-Blin
19%
52200 Saints-Geosmes
19%
52330 Sexfontaines
19%
52600 Torcenay
19%
52330 Vaudrémont
19%
52190 Villegusien-le-Lac
19%
52210 Villiers-sur-Suize
19%
52130 Voillecomte
19%
52310 Annéville-la-Prairie
14%
52500 Anrosey
14%
52130 Attancourt
14%
52210 Aubepierre-sur-Aube
14%
52190 Aujeurres
14%
52170 Bayard-sur-Marne
14%
52100 Bettancourt-la-Ferrée
14%
52220 Ceffonds
14%
52110 Charmes-la-Grande
14%
52700 Cirey-lès-Mareilles
14%
52160 Colmier-le-Bas
14%
52160 Colmier-le-Haut
14%
52140 Dammartin-sur-Meuse
14%
52700 Darmannes
14%
52120 Dinteville
14%
52130 Domblain
14%
52110 Dommartin-le-Saint-Père
14%
52290 Éclaron-Braucourt-Sainte-Livière
14%
52700 Ecot-la-Combe
14%
52410 Eurville-Bienville
14%
52220 Frampas
14%
52400 Fresnes-sur-Apance
14%
52220 La Porte du Der
14%
52210 Leffonds
14%
52190 Le Montsaugeonnais
14%
52800 Louvières
14%
52700 Mareilles
14%
52240 Mennouveaux
14%
52300 Nomécourt
14%
52360 Orbigny-au-Mont
14%
52360 Orbigny-au-Val
14%
52250 Orcevaux
14%
52310 Ormoy-lès-Sexfontaines
14%
52700 Orquevaux
14%
52100 Perthes
14%
52220 Planrupt
14%
52120 Pont-la-Ville
14%
52370 Rennepont
14%
52000 Riaucourt
14%
52120 Richebourg
14%
52700 Rimaucourt
14%
52270 Roches-Bettaincourt
14%
52410 Roches-sur-Marne
14%
52300 Rupt
14%
52200 Saint-Ciergues
14%
52300 Saint-Urbain-Maconcourt
14%
52400 Serqueux
14%
52220 Sommevoire
14%
52800 Thivet
14%
52300 Thonnance-lès-Joinville
14%
52000 Treix
14%
52130 Vaux-sur-Blaise
14%
52000 Verbiesles
14%
52320 Vignory
14%
52100 Villiers-en-Lieu
14%
52340 Ageville
10%
52400 Aigremont
10%
52230 Aingoulaincourt
10%
52120 Aizanville
10%
52130 Allichamps
10%
52250 Aprey
10%
52250 Baissey
10%
52360 Bannes
10%
52260 Beauchemin
10%
52120 Blessonville
10%
52110 Blumeray
10%
52320 Cerisières
10%
52100 Chancenay
10%
52360 Changey
10%
52400 Chézeaux
10%
52370 Cirfontaines-en-Azois
10%
52700 Consigny
10%
52240 Cuves
10%
52250 Flagey
10%
52700 Forcey
10%
52300 Guindrecourt-aux-Ormes
10%
52700 Lafauche
10%
52000 Laville-aux-Bois
10%
52190 Le Val-d'Esnoms
10%
52130 Louvemont
10%
52000 Luzy-sur-Marne
10%
52100 Moëslains
10%
52110 Nully
10%
52400 Parnoy-en-Bassigny
10%
52200 Perrancey-les-Vieux-Moulins
10%
52500 Poinson-lès-Fayl
10%
52700 Reynel
10%
52330 Rizaucourt-Buchey
10%
52700 Semilly
10%
52700 Signéville
10%
52150 Soulaucourt-sur-Mouzon
10%
52110 Trémilly
10%
52100 Valcourt
10%
52160 Vals-des-Tilles
10%
52400 Varennes-sur-Amance
10%
52300 Vecqueville
10%
52800 Vesaignes-sur-Marne
10%
52400 Vicq
10%
52700 Aillianville
5%
52500 Belmont
5%
52150 Bourg-Sainte-Marie
5%
52110 Brachay
5%
52700 Briaucourt
5%
52210 Bugnières
5%
52240 Buxières-lès-Clefmont
5%
52000 Buxières-lès-Villiers
5%
52260 Chanoy
5%
52140 Chauffourt
5%
52230 Cirfontaines-en-Ornois
5%
52700 Clinchamp
5%
52210 Coupray
5%
52200 Courcelles-en-Montagne
5%
52110 Courcelles-sur-Blaise
5%
52210 Cour-l'Évêque
5%
52110 Daillancourt
5%
52240 Daillecourt
5%
52360 Dampierre
5%
52400 Damrémont
5%
52230 Épizon
5%
52260 Faverolles
5%
52300 Fronville
5%
52150 Graffigny-Chemin
5%
52320 Gudmont-Villiers
5%
52150 Harréville-les-Chanteurs
5%
52190 Isômes
5%
52330 Lachapelle-en-Blaisy
5%
52400 Laneuvelle
5%
52220 Laneuville-à-Rémy
5%
52120 Latrecey-Ormoy-sur-Aube
5%
52360 Lecey
5%
52110 Leschères-sur-le-Blaiseron
5%
52240 Longchamp
5%
52320 Marbéville
5%
52300 Mathons
5%
52400 Melay
5%
52310 Meures
5%
52400 Montcharvot
5%
52130 Montreuil-sur-Blaise
5%
52110 Morancourt
5%
52300 Mussey-sur-Marne
5%
52200 Noidant-le-Rocheux
5%
52240 Noyers
5%
52200 Ormancey
5%
52300 Osne-le-Val
5%
52310 Oudincourt
5%
52240 Perrusse
5%
52360 Plesnoy
5%
52160 Praslay
5%
52190 Rivière-les-Fosses
5%
52210 Rochetaillée
5%
52500 Rougeux
5%
52320 Soncourt-sur-Marne
5%
52300 Suzannecourt
5%
52160 Vaillant
5%
52500 Velles
5%
52250 Verseilles-le-Bas
5%
52250 Verseilles-le-Haut
5%
52800 Vitry-lès-Nogent
5%
52160 Vivey
5%
52400 Voisey
5%
52200 Voisines
5%
52310 Vraincourt
5%
52110 Ambonville
0%
52360 Andilly-en-Bassigny
0%
52230 Annonville
0%
52500 Arbigny-sous-Varennes
0%
52160 Arbot
0%
52110 Arnancourt
0%
52240 Audeloncourt
0%
52160 Aulnoy-sur-Aube
0%
52300 Autigny-le-Grand
0%
52300 Autigny-le-Petit
0%
52140 Avrecourt
0%
52130 Bailly-aux-Forges
0%
52240 Bassoncourt
0%
52110 Baudrecourt
0%
52160 Bay-sur-Aube
0%
52110 Beurville
0%
52500 Bize
0%
52300 Blécourt
0%
52360 Bonnecourt
0%
52110 Bouzancourt
0%
52150 Brainville-sur-Meuse
0%
52200 Brennes
0%
52700 Busson
0%
52360 Celles-en-Bassigny
0%
52600 Celsoy
0%
52160 Chalancey
0%
52700 Chalvraines
0%
52700 Chambroncourt
0%
52410 Chamouilley
0%
52150 Champigneulles-en-Bassigny
0%
52400 Champigny-sous-Varennes
0%
52500 Champsevraine
0%
52700 Chantraines
0%
52190 Chassigny
0%
52200 Chatenay-Mâcheron
0%
52360 Chatenay-Vaudin
0%
52300 Chatonrupt-Sommermont
0%
52600 Chaudenay
0%
52190 Choilley-Dardenay
0%
52240 Choiseul
0%
52500 Coublanc
0%
52300 Curel
0%
52330 Curmont
0%
52190 Cusey
0%
52190 Dommarien
0%
52110 Dommartin-le-Franc
0%
52270 Domremy-Landéville
0%
52150 Doncourt-sur-Meuse
0%
52130 Doulevant-le-Petit
0%
52230 Échenay
0%
52300 Effincourt
0%
52400 Enfonvelle
0%
52500 Farincourt
0%
52130 Fays
0%
52300 Ferrière-et-Lafolie
0%
52110 Flammerécourt
0%
52170 Fontaines-sur-Marne
0%
52360 Frécourt
0%
52500 Genevrières
0%
52160 Germaines
0%
52150 Germainvilliers
0%
52230 Gillaumé
0%
52500 Gilley
0%
52600 Grandchamp
0%
52500 Grenant
0%
52330 Guindrecourt-sur-Blaise
0%
52400 Guyonvelle
0%
52150 Hâcourt
0%
52100 Hallignicourt
0%
52600 Haute-Amance
0%
52600 Heuilley-le-Grand
0%
52150 Huilliécourt
0%
52700 Humberville
0%
52500 Laferté-sur-Amance
0%
52320 La Genevroye
0%
52310 Lamancine
0%
52100 Laneuville-au-Pont
0%
52120 Lanty-sur-Aube
0%
52400 Larivière-Arnoncourt
0%
52140 Lavernoy
0%
52140 Lavilleneuve
0%
52330 Lavilleneuve-au-Roi
0%
52400 Le Châtelet-sur-Meuse
0%
52600 Le Pailly
0%
52500 Les Loges
0%
52190 Leuchey
0%
52700 Leurville
0%
52150 Levécourt
0%
52230 Lezéville
0%
52500 Maâtz
0%
52130 Magneux
0%
52240 Maisoncelles
0%
52300 Maizières
0%
52500 Maizières-sur-Amance
0%
52150 Malaincourt-sur-Meuse
0%
52360 Marcilly-en-Bassigny
0%
52200 Mardor
0%
52240 Merrey
0%
52110 Mertrud
0%
52240 Millières
0%
52320 Mirbel
0%
52330 Montheries
0%
52700 Montot-sur-Rognon
0%
52230 Montreuil-sur-Thonnance
0%
52700 Morionvilliers
0%
52160 Mouilleron
0%
52170 Narcy
0%
52400 Neuvelle-lès-Voisey
0%
52600 Noidant-Chatenoy
0%
52230 Noncourt-sur-le-Rongeant
0%
52190 Occey
0%
52150 Outremécourt
0%
52700 Ozières
0%
52600 Palaiseul
0%
52230 Pansey
0%
52300 Paroy-sur-Saulx
0%
52500 Pierremont-sur-Amance
0%
52160 Poinsenot
0%
52160 Poinson-lès-Grancey
0%
52800 Poinson-lès-Nogent
0%
52360 Poiseul
0%
52500 Pressigny
0%
52170 Rachecourt-sur-Marne
0%
52130 Rachecourt-Suzémont
0%
52140 Rançonnières
0%
52140 Rangecourt
0%
52600 Rivières-le-Bois
0%
52700 Rochefort-sur-la-Côte
0%
52150 Romain-sur-Meuse
0%
52320 Rouécourt
0%
52160 Rouelles
0%
52160 Rouvres-sur-Aube
0%
52300 Rouvroy-sur-Marne
0%
52230 Sailly
0%
52190 Saint-Broingt-le-Bois
0%
52190 Saint-Broingt-les-Fosses
0%
52200 Saint-Maurice
0%
52150 Saint-Thiébault
0%
52200 Saint-Vallier-sur-Marne
0%
52230 Saudron
0%
52500 Saulles
0%
52140 Saulxures
0%
52500 Savigny
0%
52120 Silvarouvres
0%
52130 Sommancourt
0%
52150 Sommerécourt
0%
52400 Soyers
0%
52210 Ternat
0%
52220 Thilleux
0%
52240 Thol-lès-Millières
0%
52230 Thonnance-les-Moulins
0%
52500 Tornay
0%
52130 Troisfontaines-la-Ville
0%
52130 Valleret
0%
52500 Valleroy
0%
52150 Vaudrecourt
0%
52200 Vauxbons
0%
52300 Vaux-sur-Saint-Urbain
0%
52700 Vesaignes-sous-Lafauche
0%
52190 Vesvres-sous-Chalancey
0%
52700 Vignes-la-Côte
0%
52120 Villars-en-Azois
0%
52160 Villars-Santenoge
0%
52130 Ville-en-Blaisois
0%
52190 Villiers-lès-Aprey
0%
52600 Violot
0%
52160 Vitry-en-Montagne
0%
52500 Voncourt
0%
52240 Vroncourt-la-Côte
0%
Aucun quiz correspondant
Distribution des résultats
% des personnes avec chaque résultat
Percentile par nombre de réponses
Votre historique - résultats
Vous n’avez pas pris ce quiz